States of Venezuela Map Quiz - Statistics

General Stats
  • This quiz has been taken 867 times
  • The average score is 12 of 23
Answers on the Map
Answers color-coded by a green-red scale on the quiz's map according to % correct below.
 
Answer Stats
Answer % Correct
Amazonas
86%
Zulia
69%
Bolívar
65%
Delta Amacuro
61%
Nueva Esparta
61%
Apure
58%
Falcón
57%
Sucre
56%
Táchira
53%
Vargas
52%
Anzoátegui
51%
Guárico
50%
Mérida
50%
Barinas
49%
Lara
49%
Miranda
48%
Aragua
45%
Carabobo
43%
Monagas
43%
Portuguesa
43%
Trujillo
43%
Cojedes
39%
Yaracuy
37%
No matching quizzes found
Score Distribution
Percent of People with Each Score
Percentile by Number Answered
Your Score History
You have not taken this quiz